Gry komputerowe (A-Z) - Statystyki

Ogólne statystyki
  • Ten quiz został rozwiązany 524 razy
  • Średni wynik to 13 z 24
Statystyki odpowiedzi
Litera Opis gry Odpowiedź % Poprawnych
C Seria gier komputerowych z gatunku first-person shooter. W głównej mierze gry są przeznaczone dla rozgrywki wieloosobowej, w których gracze walczą między sobą wcielając się w terrorystów lub antyterrorystów. Counter-Strike
91%
F Komputerowa gra wieloosobowa z trybem rozgrywki battle royale, opracowana przez Epic Games. Fortnite
91%
G Seria gier komputerowych wydana przez firmę Rockstar Games, określana mianem jednej z najbardziej kontrowersyjnych serii gier komputerowych GTA
88%
M Komputerowa gra survivalowa o otwartym świecie stworzona przez Markusa Perssona i rozwijana przez Mojang Studios. Pozwala graczom na budowanie i niszczenie obiektów położonych w losowo generowanym świecie gry. Gracz może atakować napotkane istoty, zbierać surowce czy wytwarzać przedmioty. Minecraft
87%
E Komputerowa gra sportowa, skupiająca się na rozgrywkach piłki nożnej. Wyprodukowana przez EA Sports EA FC
82%
N Seria komputerowych gier wyścigowych wydawana przez Electronic Arts na konsole i komputery osobiste. Samochody w grach są licencjonowane, więc dostępne są takie marki jak Lamborghini, Porsche i wiele innych realistycznie odwzorowanych pojazdów. W 2014 odbyła się premiera filmu fabularnego na podstawie serii. Need for Speed
75%
B Gra na urządzenia mobilne należąca do gatunku multiplayer online battle arena, wyprodukowana i wydana przez Supercell Brawl Stars
74%
A Strategiczna komputerowa gra wieloosobowa opracowana i wydana przez InnerSloth. Gracze dzielą się na członków załogi oraz od jednego do trzech oszustów. Rolą członków załogi jest wykonywanie zadań na statku, a oszustów – sabotowanie misji i eliminowanie członków załogi. Gracze na początku rozgrywki otrzymują informację, ilu antagonistów jest na statku. Among Us
71%
J Gra, w której zabawa polega na powtarzaniu ruchów postaci poruszającej się na ekranie w rytm muzyki. Tańczyć można samemu lub razem z przyjaciółmi, wykonując inne, współgrające ze sobą układy do tego samego utworu. Pod koniec piosenki zliczane są punkty, i ten, kto lepiej naśladował awatar - wygrywa. Just Dance
63%
K Trójwymiarowa platformówka widziana z perspektywy trzeciej osoby. Gracz kontroluje Kao, który porusza się i skacze przez przeszkody w różnych lokalizacjach. Kangurek potrafi atakować wrogów za pomocą rękawic bokserskich. Podczas rozgrywki gracz może eksplorować ukryte obszary w poszukiwaniu przedmiotów kolekcjonerskich takich jak monety. Kangurek Kao
62%
L Sieciowa gra komputerowa z gatunku multiplayer online battle arena League of Legends
59%
H Seria strzelanek pierwszoosobowych o tematyce fantastycznonaukowej stworzonych przez Valve Corporation. Seria opowiada o fizyku Gordonie Freemanie, który początkowo pracuje dla Black Mesa Research Facility. Po wybuchu w laboratorium do świata przedostają się obce istoty z obcego wymiaru Xen. Half-Life
57%
T Komputerowa gra symulacyjna, w której gracze sterują życiem wirtualnych ludzi. The Sims
56%
P Gra z gatunku tower defense, w której gracz broni domu przed atakiem zombie. Trawnik, jako miejsce gry, jest podzielony na linie poziome, gdzie zombie pojawiają się po prawej stronie ekranu i idą po jednej linii w lewą stronę. Gdy napotkają przeszkodę próbują ją zjeść lub obejść. Plants vs Zombies
55%
U Seria przygodowych gier akcji przedstawionych z perspektywy trzeciej osoby, w których gracz wciela się w postać podróżnika i poszukiwacza skarbów Nathana Drake’a. Uncharted
53%
R Edukacyjna gra internetowa określana też jako prosta platforma do tworzenia gier. Uczestnicy gry samodzielnie kształtują rozgrywkę poprzez tworzenie przedmiotów, miejsc akcji itp. Roblox
51%
O Strzelanka pierwszoosobowa stworzona przez Blizzard Entertainment Overwatch
50%
D Gra komputerowa o otwartym świecie należąca do gatunku survival horror, stworzona przez Techland. Gra została wydana przez Warner Bros. Interactive Entertainment Dying Light
49%
W Wieloosobowy symulator wojenny, umożliwiający toczenie bitew przy użyciu samolotów, śmigłowców, czołgów oraz okrętów. Gra stworzona i wydana została przez Gaijin Entertainment. War Thunder
42%
Y Opowiada nam historię byłego członka yakuzy – Kazumy Kiryu, który po 10-letniej odsiadce w więzieniu wychodzi na wolność i zastaje kraj innym niż go opuszczał. Wszyscy szukają gotówki klanu Tojo, a na dodatek jego przyjaciółka Yumi, z którą wychował się w sierocińcu, zniknęła. Yakuza
41%
X Zapoczątkowana przez MicroProse seria strategiczno–ekonomicznych gier komputerowych, opartych przeważnie na systemie turowym. Akcja serii obraca się wokół tematyki inwazji obcych na Ziemię. X-COM
21%
S Podczas gry bierzemy udział w odbywających się na torach przeszkód wyścigach, w trakcie których musimy zająć pozycję premiowaną awansem do kolejnej rundy. Stumble Guys
8%
I Gra z gatunku grand strategy wargame opracowana i opublikowana przez Paradox Interactive Imperator: Rome
3%
Z Gra komputerowa z gatunku bijatyk z elementami strzelanki pierwszoosobowej. Debiutancka produkcja chilijskiego studia ACE Team używająca silnika Source firmy Valve Corporation. Zeno Clash
3%
Nie znaleziono quizów pasujących do podanych kryteriów
Rozkład punktacji
Procent ludzi z każdym wynikiem
Percentyl według liczby udzielonych odpowiedzi
Twoja historia wyników
Nie rozwiązałeś tego quizu